Flag to most populous cities - Statistics

General Stats
  • This quiz has been taken 50 times
  • The average score is 29 of 36
Answer Stats
Picture Answer % Correct
Barcelona
98%
Los Angeles
98%
Madrid
98%
London
96%
Mexico City
96%
New York
96%
Rio de Janeiro
96%
Rome
96%
Tokyo
96%
Seoul
94%
Chicago
91%
Beijing
89%
Manchester
89%
Amsterdam
87%
Milan
87%
São Paulo
87%
Sydney
87%
Melbourne
83%
Shanghai
83%
Guangzhou
81%
Naples
81%
Osaka
81%
Valencia
81%
Valencia
81%
Rotterdam
74%
Birmingham
72%
Busan
72%
Caracas
72%
Brisbane
70%
Guadalajara
70%
Monterrey
68%
The Hague
68%
Nagoya
64%
Belo Horizonte
62%
Maracaibo
47%
Daegu
36%
No matching quizzes found
Score Distribution
Percent of People with Each Score
Percentile by Number Answered
Your Score History
You have not taken this quiz